000 00508nam a2200157 i 4500
001 151643
003 ES-MaACL
005 20230906204317.0
008 931025s1840 sp |||| | spa d
245 0 0 _aAviso importante á las Cortes y al Gobierno.
260 _aBarcelona :
_b[s.n.],
_c1840 (
_fImp. de Borell)
300 _a32 p. ;
_c16 cm.
700 0 1 _aBorell,
_eimp.
_9126085
752 _aEspaña -
_dBarcelona
852 _aES-MaACL
_jD-3835(4)
_z-- Enc. piel verde
_z-- Legado de Modesto de la Fuente
999 _c151643
_d151643